000 00819nam a2200217Ii 4500
003 JO-AjNU
008 230605s9999||||xx |||||||||||||| ||und||
017 _a2005/8/1921
040 _aJO-AjNU
_bara
_erda
_cJO-AjNU
041 _aara
050 1 4 _aLB179.H39 2006
100 3 _aحمادات،محمد حسن محمد,
_eauthor
_922538
245 0 0 _aقيم العمل والإلتزام الوظيفي لدى المديرين والمعلمين في المدارس
250 _aط1
264 3 1 _aعمان:دار الحامد للنشر والتوزيع،2006
300 _a207ص
336 _atext
_btxt
_2rdacontent
337 _aunmediated
_bn
_2rdamedia
338 _avolume
_bnc
_2rdacarrier
650 4 _aالتربية و التعليم-الأردن. مدرسون-الأردن. أخلاق المهنة
_922539
999 _aA8017
_c11585
_d11585